Refranes mexicanos - Estadísticas

Estadísticas generales
  • Esta prueba ha sido intentada 50 veces
  • La puntuación promedio es 9 de 15
Estadísticas de respuestas
Hint Respuesta % Correcto
De tal palo, tal ___ astilla
97%
A quien ___, Dios le ayuda madruga
95%
Yerba mala, nunca __ muere
89%
El que no conoce a Dios, a cualquier __ le reza santo
89%
A palabras __, oídos sordos necias
84%
Más sabe el diablo por __, que por diablo viejo
78%
Perro que __, no __ ladra muerde
76%
El león cree que todos son de su misma ____ condicion
73%
___ que se duerme, se lo lleva la corriente camaron
51%
Más vale pájaro en mano que __ volando cientos
51%
El muerto al pozo y el vivo _ __ al gozo
41%
El muerto y el ____ a los tres días apestan arrimado
38%
Al que obra mal se le pudre_ __ el tamal
27%
quien con __ anda, a __ se enseña lobos aullar
27%
No se puede chiflar y comer ___ al mismo tiempo pinole
24%
No se encontraron pruebas coincidentes
Distribución de puntuación
Porcentaje de gente con cada puntuación
Porcentaje por número respondido
Historial de tus puntuaciones
No has intentado esta prueba.